000
00351nam a2200157 4500
001
45699
090
_a
45699
100
_a
20260219 pory50
101
_a
por
102
_a
PT
200
_a
Ulisses
_f
Maria Alberta Menéres
210
_a
[S.l.]
_c
Ed. policopiada
_d
[S.d.]
215
_a
62, [2]
_c
il.
675
_a
82-93
801
_a
PT
_g
RPC
990
_c
LIVROS